<?xml version="1.0" encoding="UTF-8"?>
<record
    xmlns:xsi="http://www.w3.org/2001/XMLSchema-instance"
    xsi:schemaLocation="http://www.loc.gov/MARC21/slim http://www.loc.gov/standards/marcxml/schema/MARC21slim.xsd"
    xmlns="http://www.loc.gov/MARC21/slim">

  <leader>06335namaa22004571i 4500</leader>
  <controlfield tag="003">EG-GICUC</controlfield>
  <controlfield tag="005">20260503220622.0</controlfield>
  <controlfield tag="008">260503s2025    ua a|||frm||| 000 0 eng d</controlfield>
  <datafield tag="040" ind1=" " ind2=" ">
    <subfield code="a">EG-GICUC</subfield>
    <subfield code="b">eng</subfield>
    <subfield code="c">EG-GICUC</subfield>
    <subfield code="d">EG-GICUC</subfield>
    <subfield code="e">rda</subfield>
  </datafield>
  <datafield tag="041" ind1="0" ind2=" ">
    <subfield code="a">eng</subfield>
    <subfield code="b">eng</subfield>
    <subfield code="b">ara</subfield>
  </datafield>
  <datafield tag="049" ind1=" " ind2=" ">
    <subfield code="a">Deposit</subfield>
  </datafield>
  <datafield tag="082" ind1="0" ind2="4">
    <subfield code="a">616.99462 </subfield>
  </datafield>
  <datafield tag="092" ind1=" " ind2=" ">
    <subfield code="a">616.99462 </subfield>
    <subfield code="2">21</subfield>
  </datafield>
  <datafield tag="097" ind1=" " ind2=" ">
    <subfield code="a">Ph.D</subfield>
  </datafield>
  <datafield tag="099" ind1=" " ind2=" ">
    <subfield code="a">Cai01.19.01.Ph.D.025.Wa.E</subfield>
  </datafield>
  <datafield tag="100" ind1="0" ind2=" ">
    <subfield code="a">Waleed Esmail Abdel El Galil Esmail, </subfield>
    <subfield code="e">preparation.</subfield>
  </datafield>
  <datafield tag="245" ind1="1" ind2="0">
    <subfield code="a">Effect of co-load and preload fluids on cardiac output in elderly patients with bladder cancer undergoing cystoscopy under spinal anesthesia :</subfield>
    <subfield code="b">randomized trial /</subfield>
    <subfield code="c">by Waleed Esmail Abdel El Galil Esmail ; Supervised Prof.Dr. Ghada Ahmed Mohamed El Awady, Prof. Dr. Ayman Ali Ghoniem, Prof. Ahmed Salah Ahmed, Dr. Mohamed Elsaid Abdelfattah. </subfield>
  </datafield>
  <datafield tag="246" ind1="1" ind2="5">
    <subfield code="a">&#x62A;&#x623;&#x62B;&#x64A;&#x631; &#x633;&#x648;&#x627;&#x626;&#x644; &#x627;&#x644;&#x62A;&#x62D;&#x645;&#x64A;&#x644; &#x627;&#x644;&#x645;&#x634;&#x62A;&#x631;&#x643; &#x648;&#x627;&#x644;&#x62A;&#x62D;&#x645;&#x64A;&#x644; &#x627;&#x644;&#x645;&#x633;&#x628;&#x642; &#x639;&#x644;&#x649; &#x646;&#x627;&#x62A;&#x62C; &#x627;&#x644;&#x642;&#x644;&#x628; &#x641;&#x64A; &#x627;&#x644;&#x645;&#x631;&#x636;&#x649; &#x627;&#x644;&#x645;&#x633;&#x646;&#x64A;&#x646; &#x627;&#x644;&#x645;&#x635;&#x627;&#x628;&#x64A;&#x646; &#x628;&#x633;&#x631;&#x637;&#x627;&#x646; &#x627;&#x644;&#x645;&#x62B;&#x627;&#x646;&#x629; &#x627;&#x644;&#x630;&#x64A;&#x646; &#x64A;&#x62E;&#x636;&#x639;&#x648;&#x646; &#x644;&#x644;&#x62A;&#x646;&#x638;&#x64A;&#x631; &#x62A;&#x62D;&#x62A; &#x627;&#x644;&#x62A;&#x62E;&#x62F;&#x64A;&#x631; &#x627;&#x644;&#x646;&#x635;&#x641;&#x64A; :</subfield>
    <subfield code="b">&#x645;&#x62D;&#x627;&#x643;&#x645;&#x629; &#x639;&#x634;&#x648;&#x627;&#x626;&#x64A;&#x629; </subfield>
  </datafield>
  <datafield tag="264" ind1=" " ind2="0">
    <subfield code="c">2025.</subfield>
  </datafield>
  <datafield tag="300" ind1=" " ind2=" ">
    <subfield code="a">102 pages : </subfield>
    <subfield code="b">illustrations ;</subfield>
    <subfield code="c">25 cm. + </subfield>
    <subfield code="e">CD.</subfield>
  </datafield>
  <datafield tag="336" ind1=" " ind2=" ">
    <subfield code="a">text</subfield>
    <subfield code="2">rda content</subfield>
  </datafield>
  <datafield tag="337" ind1=" " ind2=" ">
    <subfield code="a">Unmediated</subfield>
    <subfield code="2">rdamedia</subfield>
  </datafield>
  <datafield tag="338" ind1=" " ind2=" ">
    <subfield code="a">volume</subfield>
    <subfield code="2">rdacarrier</subfield>
  </datafield>
  <datafield tag="502" ind1=" " ind2=" ">
    <subfield code="a">Thesis (Ph.D)-Cairo University, 2025.</subfield>
  </datafield>
  <datafield tag="504" ind1=" " ind2=" ">
    <subfield code="a">Bibliography: pages 85-102. </subfield>
  </datafield>
  <datafield tag="520" ind1=" " ind2="3">
    <subfield code="a">Background: Spinal anesthesia (SA) frequently precipitates hemodynamic instability in elderly patients due to sympathetic blockade-induced vasodilation and compromised compensatory mechanisms. This study compared the effects of crystalloid versus colloid administration timing (co-load versus preload) on cardiac output (CO) in elderly bladder cancer patients undergoing cystoscopy under SA.
Methods: A prospective randomized controlled trial enrolled 120 patients aged &#x2265;60 years scheduled for cystoscopy. Patients were randomized into four groups (n=30 each), all groups recived 500 ml volume: Group A received crystalloid co-load (normal saline 0.9%), Group B received colloid co-load hydroxyethyl starch (HES) 6%, Group C received crystalloid preload, and Group D received colloid preload. Primary outcome was CO measured via electrical cardiometry. Secondary outcomes included mean arterial pressure, heart rate, vasopressor requirements, and adverse events.

Results: Co-load groups (A and B) demonstrated significantly higher CO than preload groups (C and D) at 5 minutes (8.9&#xB1;2.04 and 9.17&#xB1;1.46 versus 6.4&#xB1;2.04 and 7.2&#xB1;1.9 L/min, respectively; p&lt;0.001) and 10 minutes post-intervention. Ephedrine requirements were significantly lower in co-load groups (A: 3.7&#xB1;5.98mg, B: 3.5&#xB1;6.45mg) compared to preload groups (C: 9.3&#xB1;7.28mg, D: 8.5&#xB1;7.56mg; p&lt;0.001). Hypotension incidence was reduced in co-load versus preload groups (26.7% versus 60%; p=0.002).
Conclusions: Co-load fluid administration, regardless of fluid type, provides superior hemodynamic stability compared to preload strategies in elderly patients undergoing SA for cystoscopy.</subfield>
  </datafield>
  <datafield tag="520" ind1=" " ind2="3">
    <subfield code="a">&#x64A;&#x62D;&#x62F;&#x62B; &#x627;&#x646;&#x62E;&#x641;&#x627;&#x636; &#x636;&#x63A;&#x637; &#x627;&#x644;&#x62F;&#x645; &#x627;&#x644;&#x646;&#x627;&#x62C;&#x645; &#x639;&#x646; &#x627;&#x644;&#x62A;&#x62E;&#x62F;&#x64A;&#x631; &#x627;&#x644;&#x646;&#x635;&#x641;&#x64A; &#x628;&#x634;&#x643;&#x644; &#x645;&#x62A;&#x643;&#x631;&#x631;&#x60C; &#x648;&#x62E;&#x627;&#x635;&#x629; &#x639;&#x646;&#x62F; &#x643;&#x628;&#x627;&#x631; &#x627;&#x644;&#x633;&#x646; &#x648;&#x627;&#x644;&#x645;&#x631;&#x636;&#x649; &#x627;&#x644;&#x630;&#x64A;&#x646; &#x64A;&#x62E;&#x636;&#x639;&#x648;&#x646; &#x644;&#x639;&#x645;&#x644;&#x64A;&#x629; &#x642;&#x64A;&#x635;&#x631;&#x64A;&#x629;. &#x64A;&#x62D;&#x62F;&#x62B; &#x627;&#x646;&#x62E;&#x641;&#x627;&#x636; &#x636;&#x63A;&#x637; &#x627;&#x644;&#x62F;&#x645; &#x628;&#x633;&#x628;&#x628; &#x62A;&#x648;&#x633;&#x639; &#x627;&#x644;&#x623;&#x648;&#x639;&#x64A;&#x629; &#x627;&#x644;&#x62F;&#x645;&#x648;&#x64A;&#x629; &#x627;&#x644;&#x634;&#x631;&#x64A;&#x627;&#x646;&#x64A;&#x629; &#x648;&#x627;&#x644;&#x648;&#x631;&#x64A;&#x62F;&#x64A;&#x629; &#x627;&#x644;&#x646;&#x627;&#x62A;&#x62C; &#x639;&#x646; &#x627;&#x644;&#x627;&#x646;&#x633;&#x62F;&#x627;&#x62F; &#x627;&#x644;&#x648;&#x62F;&#x64A; &#x645;&#x639; &#x62A;&#x646;&#x634;&#x64A;&#x637; &#x645;&#x62A;&#x646;&#x627;&#x642;&#x636; &#x644;&#x645;&#x633;&#x62A;&#x642;&#x628;&#x644;&#x627;&#x62A; &#x645;&#x62B;&#x628;&#x637;&#x629; &#x644;&#x644;&#x642;&#x644;&#x628;. &#x64A;&#x624;&#x62F;&#x64A; &#x627;&#x644;&#x627;&#x646;&#x633;&#x62F;&#x627;&#x62F; &#x627;&#x644;&#x648;&#x62F;&#x64A; &#x628;&#x633;&#x631;&#x639;&#x629; &#x625;&#x644;&#x649; &#x62A;&#x648;&#x633;&#x639; &#x627;&#x644;&#x623;&#x648;&#x639;&#x64A;&#x629; &#x627;&#x644;&#x62F;&#x645;&#x648;&#x64A;&#x629; &#x627;&#x644;&#x634;&#x631;&#x64A;&#x627;&#x646;&#x64A;&#x629; &#x648;&#x627;&#x644;&#x634;&#x631;&#x64A;&#x627;&#x646;&#x64A;&#x629; &#x641;&#x64A; &#x627;&#x644;&#x645;&#x646;&#x627;&#x637;&#x642; &#x627;&#x644;&#x645;&#x639;&#x646;&#x64A;&#x629; &#x645;&#x645;&#x627; &#x64A;&#x624;&#x62F;&#x64A; &#x628;&#x62F;&#x648;&#x631;&#x647; &#x625;&#x644;&#x649; &#x632;&#x64A;&#x627;&#x62F;&#x629; &#x62A;&#x648;&#x62A;&#x631; &#x627;&#x644;&#x623;&#x648;&#x639;&#x64A;&#x629; &#x627;&#x644;&#x62F;&#x645;&#x648;&#x64A;&#x629; &#x627;&#x644;&#x634;&#x631;&#x64A;&#x627;&#x646;&#x64A;&#x629; &#x627;&#x644;&#x648;&#x62F;&#x64A;&#x629; &#x641;&#x64A; &#x627;&#x644;&#x645;&#x646;&#x627;&#x637;&#x642; &#x63A;&#x64A;&#x631; &#x627;&#x644;&#x62E;&#x627;&#x636;&#x639;&#x629; &#x644;&#x644;&#x627;&#x646;&#x633;&#x62F;&#x627;&#x62F; &#x645;&#x646; &#x62E;&#x644;&#x627;&#x644; &#x645;&#x646;&#x639;&#x643;&#x633; &#x627;&#x644;&#x636;&#x63A;&#x637;. &#x62A;&#x643;&#x648;&#x646; &#x647;&#x630;&#x647; &#x627;&#x644;&#x622;&#x644;&#x64A;&#x627;&#x62A; &#x627;&#x644;&#x62A;&#x639;&#x648;&#x64A;&#x636;&#x64A;&#x629; &#x623;&#x643;&#x62B;&#x631; &#x641;&#x639;&#x627;&#x644;&#x64A;&#x629; &#x628;&#x634;&#x643;&#x644; &#x639;&#x627;&#x645; &#x641;&#x64A; &#x627;&#x644;&#x645;&#x631;&#x636;&#x649; &#x627;&#x644;&#x623;&#x635;&#x63A;&#x631; &#x633;&#x646;&#x64B;&#x627;. &#x62A;&#x624;&#x62F;&#x64A; &#x627;&#x644;&#x639;&#x648;&#x627;&#x642;&#x628; &#x627;&#x644;&#x62F;&#x64A;&#x646;&#x627;&#x645;&#x64A;&#x643;&#x64A;&#x629; &#x627;&#x644;&#x62F;&#x645;&#x648;&#x64A;&#x629; &#x644;&#x644;&#x62A;&#x62E;&#x62F;&#x64A;&#x631; &#x627;&#x644;&#x646;&#x635;&#x641;&#x64A; &#x623;&#x64A;&#x636;&#x64B;&#x627; &#x625;&#x644;&#x649; &#x627;&#x646;&#x633;&#x62F;&#x627;&#x62F; &#x648;&#x62F;&#x64A; &#x644;&#x644;&#x62E;&#x632;&#x627;&#x646; &#x627;&#x644;&#x648;&#x631;&#x64A;&#x62F;&#x64A; &#x645;&#x645;&#x627; &#x64A;&#x624;&#x62F;&#x64A; &#x628;&#x639;&#x62F; &#x630;&#x644;&#x643; &#x625;&#x644;&#x649; &#x62A;&#x62C;&#x645;&#x639; &#x627;&#x644;&#x62F;&#x645; &#x641;&#x64A; &#x627;&#x644;&#x623;&#x648;&#x639;&#x64A;&#x629; &#x627;&#x644;&#x633;&#x639;&#x648;&#x64A;&#x629; &#x641;&#x64A; &#x627;&#x644;&#x645;&#x646;&#x627;&#x637;&#x642; &#x627;&#x644;&#x623;&#x643;&#x62B;&#x631; &#x627;&#x646;&#x62E;&#x641;&#x627;&#x636;&#x64B;&#x627;. &#x64A;&#x645;&#x643;&#x646; &#x623;&#x646; &#x64A;&#x645;&#x62B;&#x644; &#x636;&#x631;&#x628;&#x627;&#x62A; &#x628;&#x637;&#x626; &#x627;&#x644;&#x642;&#x644;&#x628; / &#x627;&#x646;&#x62E;&#x641;&#x627;&#x636; &#x636;&#x63A;&#x637; &#x627;&#x644;&#x62F;&#x645; &#x62E;&#x644;&#x644;&#x64B;&#x627; &#x641;&#x64A; &#x648;&#x638;&#x64A;&#x641;&#x629; &#x627;&#x644;&#x642;&#x644;&#x628;&#x648;&#x627;&#x644;&#x623;&#x648;&#x639;&#x64A;&#x629; &#x627;&#x644;&#x62F;&#x645;&#x648;&#x64A;&#x629;.&#x62A;&#x645; &#x627;&#x633;&#x62A;&#x62E;&#x62F;&#x627;&#x645; &#x641;&#x64A;&#x646;&#x64A;&#x644;&#x64A;&#x641;&#x631;&#x64A;&#x646;&#x60C; &#x648;&#x647;&#x648; &#x646;&#x627;&#x647;&#x636; &#x644;&#x645;&#x633;&#x62A;&#x642;&#x628;&#x644;&#x627;&#x62A; &#x623;&#x644;&#x641;&#x627; &#x627;&#x644;&#x623;&#x62F;&#x631;&#x64A;&#x646;&#x627;&#x644;&#x64A;&#x629; &#x645;&#x628;&#x627;&#x634;&#x631; &#x627;&#x644;&#x645;&#x641;&#x639;&#x648;&#x644;&#x60C; &#x639;&#x644;&#x649; &#x646;&#x637;&#x627;&#x642; &#x648;&#x627;&#x633;&#x639; &#x644;&#x639;&#x644;&#x627;&#x62C; &#x627;&#x646;&#x62E;&#x641;&#x627;&#x636; &#x636;&#x63A;&#x637; &#x627;&#x644;&#x62F;&#x645; &#x627;&#x644;&#x634;&#x631;&#x64A;&#x627;&#x646;&#x64A; &#x623;&#x62B;&#x646;&#x627;&#x621; &#x627;&#x644;&#x62C;&#x631;&#x627;&#x62D;&#x629;. &#x639;&#x644;&#x649; &#x627;&#x644;&#x631;&#x63A;&#x645; &#x645;&#x646; &#x623;&#x646; &#x627;&#x644;&#x62F;&#x631;&#x627;&#x633;&#x627;&#x62A; &#x627;&#x644;&#x641;&#x633;&#x64A;&#x648;&#x644;&#x648;&#x62C;&#x64A;&#x629; &#x62A;&#x634;&#x64A;&#x631; &#x625;&#x644;&#x649; &#x623;&#x646; &#x627;&#x633;&#x62A;&#x62E;&#x62F;&#x627;&#x645; &#x646;&#x627;&#x647;&#x636;&#x627;&#x62A; &#x623;&#x644;&#x641;&#x627; &#x627;&#x644;&#x623;&#x62F;&#x631;&#x64A;&#x646;&#x627;&#x644;&#x64A;&#x629; &#x64A;&#x632;&#x64A;&#x62F; &#x645;&#x646; &#x627;&#x644;&#x62D;&#x645;&#x644; &#x627;&#x644;&#x644;&#x627;&#x62D;&#x642; &#x644;&#x644;&#x642;&#x644;&#x628; &#x648;&#x64A;&#x642;&#x644;&#x644; &#x645;&#x646; &#x627;&#x644;&#x627;&#x645;&#x62A;&#x62B;&#x627;&#x644; &#x627;&#x644;&#x648;&#x631;&#x64A;&#x62F;&#x64A;.
&#x642;&#x64A;&#x627;&#x633; &#x627;&#x644;&#x642;&#x644;&#x628; &#x627;&#x644;&#x643;&#x647;&#x631;&#x628;&#x627;&#x626;&#x64A; (&#x642;&#x64A;&#x627;&#x633; &#x627;&#x644;&#x633;&#x631;&#x639;&#x629; &#x627;&#x644;&#x643;&#x647;&#x631;&#x628;&#x627;&#x626;&#x64A;&#x629;) &#x647;&#x648; &#x646;&#x648;&#x639; &#x645;&#x646; &#x62A;&#x62E;&#x637;&#x64A;&#x637; &#x627;&#x644;&#x642;&#x644;&#x628; &#x628;&#x627;&#x644;&#x645;&#x639;&#x627;&#x648;&#x642;&#x629;&#x60C; &#x648;&#x637;&#x631;&#x64A;&#x642;&#x629; &#x63A;&#x64A;&#x631; &#x62C;&#x631;&#x627;&#x62D;&#x64A;&#x629; &#x648;&#x642;&#x627;&#x628;&#x644;&#x629; &#x644;&#x644;&#x62A;&#x637;&#x628;&#x64A;&#x642; &#x628;&#x634;&#x643;&#x644; &#x645;&#x633;&#x62A;&#x645;&#x631; &#x644;&#x645;&#x631;&#x627;&#x642;&#x628;&#x629; &#x627;&#x644;&#x646;&#x627;&#x62A;&#x62C; &#x627;&#x644;&#x642;&#x644;&#x628;&#x64A;&#x648;&#x62D;&#x62C;&#x645; &#x627;&#x644;&#x633;&#x643;&#x62A;&#x629; &#x627;&#x644;&#x62F;&#x645;&#x627;&#x63A;&#x64A;&#x629;&#x648;&#x63A;&#x64A;&#x631;&#x647;&#x627; &#x645;&#x646; &#x627;&#x644;&#x645;&#x639;&#x644;&#x645;&#x627;&#x62A; &#x627;&#x644;&#x62F;&#x64A;&#x646;&#x627;&#x645;&#x64A;&#x643;&#x64A;&#x629; &#x627;&#x644;&#x62F;&#x645;&#x648;&#x64A;&#x629;. &#x62A;&#x645; &#x627;&#x644;&#x62A;&#x62D;&#x642;&#x642; &#x645;&#x646; &#x635;&#x62D;&#x629; &#x642;&#x64A;&#x627;&#x633; &#x627;&#x644;&#x642;&#x644;&#x628; &#x627;&#x644;&#x643;&#x647;&#x631;&#x628;&#x627;&#x626;&#x64A; &#x636;&#x62F; &#x637;&#x631;&#x642; "&#x627;&#x644;&#x645;&#x639;&#x64A;&#x627;&#x631; &#x627;&#x644;&#x630;&#x647;&#x628;&#x64A;" &#x645;&#x62B;&#x644; &#x62A;&#x642;&#x646;&#x64A;&#x629; &#x627;&#x644;&#x62A;&#x62E;&#x641;&#x64A;&#x641; &#x627;&#x644;&#x62D;&#x631;&#x627;&#x631;&#x64A;.</subfield>
  </datafield>
  <datafield tag="530" ind1=" " ind2=" ">
    <subfield code="a">Issues also as CD.</subfield>
  </datafield>
  <datafield tag="546" ind1=" " ind2=" ">
    <subfield code="a">Text in English and abstract in Arabic &amp; English.</subfield>
  </datafield>
  <datafield tag="650" ind1=" " ind2="0">
    <subfield code="a">Bladder Cancer</subfield>
  </datafield>
  <datafield tag="650" ind1=" " ind2="0">
    <subfield code="a">&#x633;&#x631;&#x637;&#x627;&#x646; &#x627;&#x644;&#x645;&#x62B;&#x627;&#x646;&#x629; </subfield>
  </datafield>
  <datafield tag="653" ind1=" " ind2="1">
    <subfield code="a">baldder cancer</subfield>
    <subfield code="a">cystoscopy</subfield>
    <subfield code="a">spinal anesthesia</subfield>
    <subfield code="a">old age</subfield>
  </datafield>
  <datafield tag="700" ind1="0" ind2=" ">
    <subfield code="a">Ghada Ahmed Mohamed El Awady</subfield>
    <subfield code="e">thesis advisor.</subfield>
  </datafield>
  <datafield tag="700" ind1="0" ind2=" ">
    <subfield code="a">Ayman Ali Ghoniem</subfield>
    <subfield code="e">thesis advisor.</subfield>
  </datafield>
  <datafield tag="700" ind1="0" ind2=" ">
    <subfield code="a">Ahmed Salah Ahmed</subfield>
    <subfield code="e">thesis advisor.</subfield>
  </datafield>
  <datafield tag="700" ind1="0" ind2=" ">
    <subfield code="a">Mohamed Elsaid Abdelfattah</subfield>
    <subfield code="e">thesis advisor.</subfield>
  </datafield>
  <datafield tag="900" ind1=" " ind2=" ">
    <subfield code="b">01-01-2025</subfield>
    <subfield code="c">Ghada Ahmed Mohamed El Awady</subfield>
    <subfield code="c">Ayman Ali Ghoniem</subfield>
    <subfield code="c">Ahmed Salah Ahmed</subfield>
    <subfield code="c">Mohamed Elsaid Abdelfattah</subfield>
    <subfield code="U">Cairo University</subfield>
    <subfield code="F">National Cancer Institute</subfield>
    <subfield code="D">Department of Anesthesia and Intensive Care </subfield>
  </datafield>
  <datafield tag="905" ind1=" " ind2=" ">
    <subfield code="a">Shimaa</subfield>
  </datafield>
  <datafield tag="942" ind1=" " ind2=" ">
    <subfield code="2">ddc</subfield>
    <subfield code="c">TH</subfield>
    <subfield code="e">21</subfield>
    <subfield code="n">0</subfield>
  </datafield>
  <datafield tag="999" ind1=" " ind2=" ">
    <subfield code="c">179944</subfield>
  </datafield>
  <datafield tag="952" ind1=" " ind2=" ">
    <subfield code="2">ddc</subfield>
    <subfield code="9">317626</subfield>
    <subfield code="a">CUCL</subfield>
    <subfield code="b">cl210</subfield>
    <subfield code="d">2026-05-03</subfield>
    <subfield code="i">93964</subfield>
    <subfield code="o">Cai01.19.01.Ph.D.025.Wa.E</subfield>
    <subfield code="p">01010110093964000</subfield>
    <subfield code="r">2026-05-03 21:07:12</subfield>
    <subfield code="w">2026-05-03</subfield>
    <subfield code="y">TH</subfield>
  </datafield>
</record>
